ARRUPE JESUIT UNIVERSITY

CORONAVIRUS -STOP THE SPREAD - CLEAN,DISINFECT,COVER

The Wittgenstein reader / (Record no. 128232)

MARC details
000 -LEADER
fixed length control field 01498cam a2200349 a 4500
001 - CONTROL NUMBER
control field 651129
003 - CONTROL NUMBER IDENTIFIER
control field ARRUPE
005 - DATE AND TIME OF LATEST TRANSACTION
control field 20180920162417.0
008 - FIXED-LENGTH DATA ELEMENTS--GENERAL INFORMATION
fixed length control field 940627s1994 enka b 001 0 eng
010 ## - LIBRARY OF CONGRESS CONTROL NUMBER
LC control number 94003778
020 ## - INTERNATIONAL STANDARD BOOK NUMBER
International Standard Book Number 0631193618 (acidfree paper)
020 ## - INTERNATIONAL STANDARD BOOK NUMBER
International Standard Book Number 0631193626 (pbk. : acidfree paper)
040 ## - CATALOGING SOURCE
Original cataloging agency DLC
Transcribing agency DLC
Modifying agency DLC
050 00 - LIBRARY OF CONGRESS CALL NUMBER
Classification number B3376
Item number .W561 1994
082 00 - DEWEY DECIMAL CLASSIFICATION NUMBER
Classification number 192
Edition number 20
300 ## - PHYSICAL DESCRIPTION
Other physical details ill. ;
Dimensions 23 cm.
100 1# - MAIN ENTRY--PERSONAL NAME
Personal name Wittgenstein, Ludwig,
Dates associated with a name 1889-1951.
9 (RLIN) 42471
240 10 - UNIFORM TITLE
Uniform title <a href="Works.">Works.</a>
Form subheading Selections.
Language of a work English.
Date of a work 1994
245 14 - TITLE STATEMENT
Title The Wittgenstein reader /
Statement of responsibility, etc edited by Anthony Kenny.
260 ## - PUBLICATION, DISTRIBUTION, ETC. (IMPRINT)
Place of publication, distribution, etc Oxford, UK ;
-- Cambridge, Mass., USA :
Name of publisher, distributor, etc B. Blackwell,
Date of publication, distribution, etc 1994.
300 ## - PHYSICAL DESCRIPTION
Extent viii, 312 p. :
440 #0 - SERIES STATEMENT/ADDED ENTRY--TITLE
Title Blackwell readers
9 (RLIN) 42472
504 ## - BIBLIOGRAPHY, ETC. NOTE
Bibliography, etc Includes bibliographical references (p. [306]-307) and index.
650 #0 - SUBJECT ADDED ENTRY--TOPICAL TERM
Topical term or geographic name as entry element Philosophy.
9 (RLIN) 42473
700 1# - ADDED ENTRY--PERSONAL NAME
Personal name Kenny, Anthony,
Dates associated with a name 1931-
9 (RLIN) 33061
856 41 - ELECTRONIC LOCATION AND ACCESS
Materials specified Table of contents only
Uniform Resource Identifier <a href="http://www.loc.gov/catdir/enhancements/fy0802/94003778-t.html">http://www.loc.gov/catdir/enhancements/fy0802/94003778-t.html</a>
856 42 - ELECTRONIC LOCATION AND ACCESS
Materials specified Publisher description
Uniform Resource Identifier <a href="http://www.loc.gov/catdir/enhancements/fy0802/94003778-d.html">http://www.loc.gov/catdir/enhancements/fy0802/94003778-d.html</a>
856 42 - ELECTRONIC LOCATION AND ACCESS
Materials specified Contributor biographical information
Uniform Resource Identifier <a href="http://www.loc.gov/catdir/enhancements/fy0802/94003778-b.html">http://www.loc.gov/catdir/enhancements/fy0802/94003778-b.html</a>
906 ## - LOCAL DATA ELEMENT F, LDF (RLIN)
a 7
b cbc
c orignew
d 1
e ocip
f 19
g y-gencatlg
942 ## - ADDED ENTRY ELEMENTS (KOHA)
Source of classification or shelving scheme Library of Congress Classification
Koha item type Monograph ( Printed materials)
Holdings
Withdrawn status Lost status Source of classification or shelving scheme Damaged status Not for loan Home library Current library Date acquired Total Checkouts Full call number Barcode Date last seen Date checked out Price effective from Koha item type
    Library of Congress Classification     ARRUPE LIBRARY ARRUPE LIBRARY 20/09/2018 3 B3376 .W561 1994 46600002140 13/12/2019 15/10/2019 20/09/2018 Monograph ( Printed materials)

 

Arrupe Library. PO Box MP320 Mt Pleasant, Harare, Zimbabwe
263 242 745411|librarian@aju.ac.zw